00878nam a2200145 i 4500001000700000003000900007005001700016008004100033100004100074245030200115260006500417300002100482651004600503852018300549189574ES-MaACL20250805063328.0190620s1857 sp f |||| | spa d1 aNaranjo y Garza, Felipe, d1809-187710aDiscurso sobre la necesidad de una descripción completa de la cordillera de Sierra-Morena b: con relación a los tres reinos de la historia natural / cleído por... Felipe Naranjo y Garza en la sesión pública de su recepción como académico numerario,... el día 11 de enero de 1857. aMadrid : bImp., Fund. y Lib. de Don Eusebio Aguado, c1857. a10 p. ; c28 cm. 4aSierra Morena (España)-xDescripción. aES-MaACLjL-32448(7) z- Enc. cart. z. - Legado Federico de Botella y de Hornos z- Enc. en un vol. facticio, con tít. en el lomo de: España, geología: memorias varias, 1